[Event "Gibraltar Masters"]
[Site "Caleta ENG"]
[Date "2011.01.25"]
[Round "1.77"]
[White "Boesch, Heinz"]
[Black "Dasaolu, Adeoye"]
[Result "0-1"]
[WhiteElo "1899"]
[BlackElo "2107"]
[WhiteFideId "4673824"]
[BlackFideId "416061"]
[EventDate "2011.01.25"]

1. e4 c5 2. d4 cxd4 3. c3 dxc3 4. Nxc3 d6 5. Bc4 e6 6. Nf3 Nf6 7. O-O Be7 8. Qe2
O-O 9. Rd1 Qa5 10. Nb5 Nc6 11. Bd2 Qd8 12. Bf4 Qa5 13. Bd2 Qb6 14. Be3 Qd8 15.
e5 Nd5 16. exd6 Bxd6 17. Nxd6 Qxd6 18. Qd2 Rd8 19. Rac1 Qe7 20. Bg5 f6 21. Be3
Nb6 22. Qc3 Nxc4 23. Qxc4 Bd7 24. Bc5 Qf7 25. Rd6 e5 26. Qd3 Be6 27. Rxd8+ Rxd8
28. Qe3 Qd7 29. a3 b6 30. Bb4 Nxb4 31. axb4 Qd3 32. h3 Qxe3 33. fxe3 Kf7 34. Kf2
Ke7 35. Ke2 Rc8 36. Rc3 Kd6 37. Nd2 f5 38. Kd3 Rc7 39. e4 f4 40. Nf3 Re7 41. Ng5
h6 42. Nxe6 Kxe6 43. Rc6+ Kf7 44. Kc4 Rd7 45. h4 Rd4+ 46. Kb5 Rxe4 47. Rc7+ Kf6
48. Rxa7 Re2 49. Kxb6 Rxb2 50. Kc5 Rxg2 51. b5 Rc2+ 52. Kd5 Rd2+ 53. Kc6 Rc2+
54. Kd5 Rb2 55. Kc6 f3 56. b6 f2 57. Ra1 e4 58. Rf1 e3 59. b7 Kf5 0-1

[Event "Gibraltar Masters"]
[Site "Caleta ENG"]
[Date "2011.01.25"]
[Round "1.78"]
[White "Havik, Victor"]
[Black "Kuehnast, Volker"]
[Result "1-0"]
[WhiteElo "2107"]
[BlackElo "1899"]
[WhiteFideId "1506757"]
[BlackFideId "24653756"]
[EventDate "2011.01.25"]

1. d4 g6 2. e4 Bg7 3. Nc3 d6 4. f4 e6 5. Nf3 a6 6. Bd3 Ne7 7. O-O O-O 8. Be3 Nd7
9. Kh1 c5 10. Ne2 b5 11. c3 Rb8 12. Qe1 Bb7 13. f5 exf5 14. exf5 Nd5 15. Bd2 c4
16. Bc2 Re8 17. Qf2 Qe7 18. Rae1 Qf8 19. Ng5 N7f6 20. fxg6 fxg6 21. Qh4 Qe7 22.
Ng3 Qd7 23. N3e4 Qg4 24. Qxg4 Nxg4 25. h3 Nge3 26. Bxe3 Nxe3 27. Rxe3 h6 28.
Nf6+ Bxf6 29. Rxe8+ Rxe8 30. Rxf6 hxg5 31. Rxg6+ Kf7 32. Rxd6 Bxg2+ 33. Kxg2
Re2+ 34. Kf3 Rxc2 35. Rxa6 Rxb2 36. a4 b4 37. Rc6 bxc3 38. Rxc4 c2 39. Ke4 Rb4
40. Rxc2 Rxa4 41. Kd5 Ra3 42. Rf2+ Ke7 43. Rf5 Rxh3 44. Rxg5 Rd3 45. Rg7+ Kd8
46. Kc5 Rd1 47. d5 Rd2 48. Kc6 Rd1 49. Kd6 Kc8 50. Rg8+ Kb7 51. Rd8 Ra1 52. Kd7
Rc1 53. d6 Rd1 54. Re8 Rd2 55. Re1 Ka8 56. Ke7 1-0

[Event "Gibraltar Masters"]
[Site "Caleta ENG"]
[Date "2011.01.25"]
[Round "1.79"]
[White "Wright, Jonathan ENG"]
[Black "Wheldon, Philip"]
[Result "0-1"]
[WhiteElo "1895"]
[BlackElo "2106"]
[WhiteFideId "418331"]
[BlackFideId "407402"]
[EventDate "2011.01.25"]

1. e4 c5 2. Nc3 Nc6 3. g3 g6 4. Bg2 Bg7 5. Nge2 d6 6. d3 e6 7. O-O Nge7 8. Be3
Nd4 9. Qd2 Qd7 10. Rae1 O-O 11. f4 f5 12. Nd1 Qa4 13. Bxd4 cxd4 14. c3 Nc6 15.
b3 Qa5 16. Qb2 dxc3 17. Nexc3 Nb4 18. Qe2 Bxc3 0-1

[Event "Gibraltar Masters"]
[Site "Caleta ENG"]
[Date "2011.01.25"]
[Round "1.80"]
[White "Tari, Aryan"]
[Black "Birkestrand, Odd"]
[Result "1/2-1/2"]
[WhiteElo "2097"]
[BlackElo "1894"]
[WhiteFideId "1510045"]
[BlackFideId "1505548"]
[EventDate "2011.01.25"]

1. e4 e5 2. Nf3 Nc6 3. Bb5 d6 4. O-O Bd7 5. c3 Nf6 6. Re1 Be7 7. d4 a6 8. Ba4
O-O 9. Nbd2 b5 10. Bc2 Bg4 11. d5 Nb8 12. Nf1 Bh5 13. b3 Nbd7 14. Ng3 Bg6 15.
Nh4 h6 16. Nhf5 Nh7 17. Nxe7+ Qxe7 18. Qg4 Qe8 19. Re3 Nhf6 20. Qh3 Nc5 21. Nf5
Bxf5 22. Qxf5 Qd7 23. Qf3 Qg4 24. Qxg4 Nxg4 25. Rg3 h5 26. b4 Nd7 27. Bd1 f5 28.
exf5 Rxf5 29. f3 Ngf6 30. Bc2 h4 31. Rh3 Rh5 32. Bg6 Rh8 33. a4 bxa4 34. Rxa4
Nb6 35. Ra5 Kf8 36. Be4 Nxe4 37. fxe4 Nc4 38. Ra2 Rh5 39. Rf2+ Kg8 40. Rhf3 a5
41. bxa5 Rxa5 42. Rf8+ Kh7 43. h3 Ra1 44. Rf1 Rb1 45. Kh2 Rb3 46. R8f7 Rxc3 47.
Rxc7 Ne3 48. Rxc3 Nxf1+ 49. Kg1 Ng3 50. Re3 g5 51. Bd2 Rh6 52. Be1 Nh5 53. Ra3
Rf6 54. Rf3 Kg6 55. Kf2 Nf4 56. Bd2 Kh5 57. Bxf4 gxf4 58. Rc3 Rg6 59. Rc8 Kg5
60. Kf3 Kh5 61. Rh8+ Kg5 62. Re8 Rf6 63. Ke2 Kh5 64. Rc8 Kg5 65. Rg8+ Kh6 66.
Kf3 Kh7 67. Rg4 Rh6 68. Rg5 Rf6 69. Rh5+ Kg7 70. Rxh4 Rf8 71. Rg4+ Kf6 72. g3
fxg3 73. Rxg3 Rb8 74. h4 Rb5 75. h5 Rb3+ 76. Kg4 Rxg3+ 77. Kxg3 Kg5 78. h6 Kxh6
79. Kh4 Kg6 80. Kg4 Kf6 81. Kh5 Kf7 82. Kh6 Kf6 83. Kh5 Kf7 84. Kg5 Kg7 1/2-1/2

[Event "Gibraltar Masters"]
[Site "Caleta ENG"]
[Date "2011.01.25"]
[Round "1.81"]
[White "Perez Reisler, Jose"]
[Black "Suez-Panama, Gilles"]
[Result "1-0"]
[WhiteElo "1893"]
[BlackElo "2096"]
[WhiteFideId "3100820"]
[BlackFideId "620165"]
[EventDate "2011.01.25"]

1. c4 Nf6 2. g3 g6 3. Bg2 Bg7 4. Nc3 d6 5. e4 e5 6. Nge2 O-O 7. O-O Be6 8. d3
Qd7 9. f4 Bh3 10. f5 Bxg2 11. Kxg2 c6 12. h3 h6 13. g4 d5 14. g5 hxg5 15. Bxg5
Nh7 16. h4 d4 17. Na4 gxf5 18. Rxf5 Na6 19. b3 b5 20. Nb2 Nxg5 21. Rxg5 f6 22.
Rg6 Qf7 23. h5 Kh7 24. Ng3 Rg8 25. Nf5 Nc7 26. Qd2 Bf8 27. Rh1 Ne6 28. Kf1 Ng5
29. Qh2 a5 30. Nh4 Bh6 31. Qf2 Raf8 32. Qf5 Qe6 33. Rxg5+ Qxf5+ 34. Rxf5 Rg3 35.
Nf3 Rf7 36. Nxe5 Rfg7 37. Ng6 Bc1 38. Rf2 1-0

[Event "Gibraltar Masters"]
[Site "Caleta ENG"]
[Date "2011.01.25"]
[Round "1.82"]
[White "Navarrete Espi, Samuel"]
[Black "Jorgensen, Line Jin"]
[Result "1-0"]
[WhiteElo "2095"]
[BlackElo "1892"]
[WhiteFideId "2237725"]
[BlackFideId "1505467"]
[EventDate "2011.01.25"]

1. e4 c5 2. Nf3 d6 3. d4 cxd4 4. Nxd4 Nf6 5. Nc3 g6 6. Be3 Bg7 7. f3 O-O 8. Qd2
Nc6 9. O-O-O Bd7 10. g4 Rb8 11. h4 h5 12. gxh5 Nxh5 13. Rg1 b5 14. Rg5 b4 15.
Nce2 Ne5 16. Ng3 Qa5 17. Kb1 Nxg3 18. Rxg3 Rfc8 19. h5 Nc4 20. Bxc4 Rxc4 21.
hxg6 f5 22. Qh2 b3 23. Qh7+ Kf8 24. axb3 f4 25. Bc1 Rxd4 26. Rxd4 Qe5 27. Rd5
Qf6 28. Rgg5 e6 29. Rxd6 Ke7 30. Rf5 exf5 31. Rxf6 Kxf6 32. e5+ 1-0

[Event "Gibraltar Masters"]
[Site "Caleta ENG"]
[Date "2011.01.25"]
[Round "1.83"]
[White "Martinez Gonzalez, Francisco II"]
[Black "Sreeves, Clement"]
[Result "1/2-1/2"]
[WhiteElo "1870"]
[BlackElo "2093"]
[WhiteFideId "22250328"]
[BlackFideId "2402564"]
[EventDate "2011.01.25"]

1. d4 Nf6 2. Nf3 g6 3. c4 Bg7 4. Nc3 O-O 5. e4 d6 6. Be2 e5 7. O-O Nc6 8. d5 Ne7
9. Ne1 Nd7 10. f3 f5 11. g4 Kh8 12. h4 Ng8 13. Ng2 Bh6 14. Bxh6 Nxh6 15. g5 Ng8
16. exf5 Rxf5 17. Bd3 Rf8 18. f4 exf4 19. Nxf4 Ne5 20. Bc2 Ne7 21. Qd4 c5 22.
Qf2 Nf5 23. Bxf5 Bxf5 24. Qg3 Nxc4 25. Rae1 Ne5 26. Ne4 c4 27. Nf6 Qb6+ 28. Kh1
Qxb2 29. Ne6 Rf7 30. Rf2 c3 1/2-1/2

[Event "Gibraltar Masters"]
[Site "Caleta ENG"]
[Date "2011.01.25"]
[Round "1.84"]
[White "Freuler, Roman"]
[Black "Winkler, Stefan1"]
[Result "1-0"]
[WhiteElo "2092"]
[BlackElo "1867"]
[WhiteFideId "1304283"]
[BlackFideId "4698142"]
[EventDate "2011.01.25"]

1. e4 e6 2. d4 d5 3. e5 c5 4. c3 Nc6 5. Nf3 Bd7 6. a3 f6 7. Bd3 Nh6 8. O-O Nf7
9. Re1 Qc7 10. Nbd2 fxe5 11. Nxe5 Ncxe5 12. dxe5 O-O-O 13. Qe2 Be7 14. c4 d4 15.
b4 g5 16. bxc5 Bxc5 17. Nb3 h5 18. Bd2 Be7 19. Bb4 Ba4 20. Rab1 g4 21. Nd2 Rdg8
22. Be4 Ng5 23. Bxe7 Nh3+ 24. gxh3 gxh3+ 25. Kf1 Qxe7 26. Bxb7+ Kd8 27. Qd3 Qh4
28. Re4 Rg4 29. Qxd4+ Ke8 30. Rxg4 hxg4 31. Ne4 Kf7 32. Nd6+ Kg6 33. Qf4 Bc2 34.
Be4+ Bxe4 35. Qxe4+ Kh5 36. Rb7 Qg5 37. Rh7+ 1-0

[Event "Gibraltar Masters"]
[Site "Caleta ENG"]
[Date "2011.01.25"]
[Round "1.85"]
[White "Zaky, Tamir"]
[Black "Bous, Florian"]
[Result "1/2-1/2"]
[WhiteElo "1861"]
[BlackElo "2088"]
[WhiteFideId "651451"]
[BlackFideId "4660412"]
[EventDate "2011.01.25"]

1. e4 e5 2. Nf3 Nc6 3. Bb5 a6 4. Ba4 Nf6 5. O-O b5 6. Bb3 Bc5 7. d3 O-O 8. c3 d6
9. a4 Rb8 10. h3 h6 11. axb5 axb5 12. Na3 Na5 13. Bc2 b4 14. cxb4 Bxb4 15. Nc4
Nxc4 16. dxc4 Bb7 17. Qe2 Ra8 18. Bd2 Bxd2 19. Nxd2 Nd7 20. b4 Qg5 21. Nf3 Qe7
22. Nh2 Kh8 23. Ng4 Nf6 24. Nxf6 Qxf6 25. Qe3 Qe6 26. Bd3 Qe7 27. Ra7 Rfb8 28.
Rfa1 Qd8 29. Kh2 Bc6 30. b5 Bd7 31. b6 cxb6 32. Rxa8 Rxa8 33. Rxa8 Qxa8 34. Qxb6
Qc6 35. c5 dxc5 36. Qb8+ Bc8 37. Qxe5 f6 38. Qe7 c4 39. Bc2 Be6 40. Qd8+ Bg8 41.
h4 Qc5 42. Kg1 Qe5 43. g3 Qc3 44. Qd1 Bf7 45. g4 Qe5 46. Qd2 Be6 47. Qd8+ Kh7
48. Qd1 Kg8 49. Kg2 Kf7 50. f3 Ke7 51. Qd2 Qb2 52. Kg3 g5 53. hxg5 hxg5 54. Qd1
Bd7 55. Ba4 Qb8+ 56. Kf2 Bxa4 57. Qxa4 Qb3 58. Qa7+ Kd6 59. Qd4+ Kc7 60. Qc5+
Kb7 61. Qe7+ Kb8 62. Qd8+ Kb7 63. Qe7+ Kb8 64. Qd8+ Kb7 1/2-1/2

[Event "Gibraltar Masters"]
[Site "Caleta ENG"]
[Date "2011.01.25"]
[Round "1.86"]
[White "Itkis, Hana"]
[Black "Gillespie, Gary"]
[Result "1/2-1/2"]
[WhiteTitle "WFM"]
[WhiteElo "2084"]
[BlackElo "1848"]
[WhiteFideId "2020190"]
[BlackFideId "2402777"]
[EventDate "2011.01.25"]

1. c4 Nf6 2. Nc3 g6 3. g3 Bg7 4. Bg2 O-O 5. Nf3 c6 6. d4 d5 7. cxd5 cxd5 8. Qb3
e6 9. O-O Nbd7 10. Bf4 Qb6 11. Qxb6 Nxb6 12. Bd6 Rd8 13. Bc7 Rf8 14. a4 Ne8 15.
Bf4 Bd7 16. b3 Bc6 17. Rfc1 a6 18. Na2 Nf6 19. Nb4 Rfc8 20. Nxc6 Rxc6 21. Rxc6
bxc6 22. Rc1 Rc8 23. Ne5 c5 24. dxc5 Nbd7 25. c6 Nxe5 26. Bxe5 Ne8 27. Bxg7 Kxg7
28. e3 Nc7 29. b4 Rb8 30. Rb1 Kf6 31. Bf1 Ke5 32. b5 axb5 33. axb5 Rb6 34. Rc1
Kd6 35. Bd3 Ne8 36. Ra1 Nc7 37. Rc1 Ne8 38. Kf1 Nc7 39. Ke2 e5 40. Kd2 f5 41. f4
e4 42. Be2 h6 43. h4 h5 44. Rc2 Rb8 45. Rc1 Rb6 46. Rc2 1/2-1/2

[Event "Gibraltar Masters"]
[Site "Caleta ENG"]
[Date "2011.01.25"]
[Round "1.87"]
[White "Reid, Vaness"]
[Black "Schweizer, Manfred"]
[Result "0-1"]
[WhiteTitle "WFM"]
[WhiteElo "1841"]
[BlackElo "2075"]
[WhiteFideId "3205835"]
[BlackFideId "4613317"]
[EventDate "2011.01.25"]

1. d4 Nf6 2. c4 c5 3. d5 e6 4. Nc3 exd5 5. cxd5 d6 6. e4 g6 7. Bg5 Bg7 8. Bb5+
Bd7 9. Bxd7+ Nbxd7 10. Nge2 Qa5 11. O-O b5 12. Ng3 O-O 13. Bf4 b4 14. Nce2 Qb6
15. Rc1 Ne8 16. b3 Nc7 17. Re1 Rfe8 18. Qc2 Nf6 19. h3 h5 20. Bg5 a5 21. Nf4 Nh7
22. Bh4 Qb5 23. Qd1 Qd7 24. Nd3 a4 25. Nf1 Nb5 26. Qf3 Nd4 27. Qe3 axb3 28. axb3
Nxb3 29. Rb1 Nd4 30. Rec1 Ra3 31. Nd2 Nf5 0-1

[Event "Gibraltar Masters"]
[Site "Caleta ENG"]
[Date "2011.01.25"]
[Round "1.88"]
[White "Montabord, Manuel"]
[Black "Matto, Manuel"]
[Result "1-0"]
[WhiteElo "2063"]
[BlackElo "1838"]
[WhiteFideId "614386"]
[BlackFideId "413062"]
[EventDate "2011.01.25"]

1. e4 d6 2. d4 e6 3. Nc3 h6 4. Be3 Be7 5. Qd2 Nd7 6. Bd3 Ngf6 7. f3 a6 8. Nge2
c6 9. g4 Nh7 10. O-O-O Ng5 11. Rdf1 e5 12. f4 exd4 13. Nxd4 Ne6 14. Nxe6 fxe6
15. e5 Qc7 16. Bg6+ Kd8 17. exd6 Qxd6 18. Qe2 e5 19. Bf5 g6 20. Rd1 Qf6 21. fxe5
Qg7 22. Bxd7 1-0

[Event "Gibraltar Masters"]
[Site "Caleta ENG"]
[Date "2011.01.25"]
[Round "1.89"]
[White "Salomon, Johan"]
[Black "McKenna, Jason P"]
[Result "0-1"]
[WhiteElo "1836"]
[BlackElo "2062"]
[WhiteFideId "1509500"]
[BlackFideId "403857"]
[EventDate "2011.01.25"]

1. e4 g6 2. d4 Bg7 3. Nf3 d6 4. Nc3 Nf6 5. Be2 O-O 6. O-O Bg4 7. Be3 Nc6 8. d5
Bxf3 9. Bxf3 Ne5 10. Be2 c6 11. f4 Ned7 12. dxc6 bxc6 13. Bc4 Nb6 14. Bb3 Qd7
15. Qd3 Ng4 16. Bd2 c5 17. a4 Bd4+ 18. Kh1 Nf2+ 19. Rxf2 Bxf2 20. a5 c4 21. Bxc4
Nxc4 22. Qxc4 Rfc8 23. Qd3 Rab8 24. Nd5 Rxb2 25. Bc3 Rb7 26. a6 Rb5 27. Rf1 Bb6
28. f5 Ba5 29. Bd4 Rcb8 30. f6 e5 31. Ne7+ Kf8 32. Be3 Rb1 33. Bc1 Qb5 34. c4
Qb3 35. Qxd6 Rd8 36. Qxe5 Rxc1 37. h3 Rxf1+ 38. Kh2 Qb8 39. Qxb8 Rxb8 40. Nc6
Bc7+ 0-1

[Event "Gibraltar Masters"]
[Site "Caleta ENG"]
[Date "2011.01.25"]
[Round "1.90"]
[White "Fairbairn, Stephen"]
[Black "Lee, Kai Jie Edward"]
[Result "1-0"]
[WhiteElo "2058"]
[BlackElo "1833"]
[WhiteFideId "2603985"]
[BlackFideId "5802920"]
[EventDate "2011.01.25"]

1. c4 e5 2. g3 g6 3. Bg2 Bg7 4. Nc3 Nc6 5. e4 d6 6. Nge2 Nge7 7. O-O O-O 8. d3
h6 9. Be3 Be6 10. Qd2 Kh7 11. Nd5 f5 12. f3 Qd7 13. Rae1 Nd8 14. b3 c6 15. Nxe7
Qxe7 16. exf5 Bxf5 17. d4 Nf7 18. Nc3 Rad8 19. dxe5 dxe5 20. Qf2 b6 21. Rd1 Bd3
22. Rfe1 e4 23. Nxe4 Ne5 24. Bf4 g5 25. Bxe5 Bxe5 26. Kh1 Bg7 27. Rxd3 Rxd3 28.
Qc2 Rfd8 29. Bf1 Qf7 30. Nf2 Kh8 31. Nxd3 Qxf3+ 32. Qg2 Qf6 33. Qe4 Rd4 34. Qe8+
Kh7 35. Qe2 Qd6 36. Ne5 Kg8 37. Nf3 Rg4 38. Bh3 1-0

[Event "Gibraltar Masters"]
[Site "Caleta ENG"]
[Date "2011.01.25"]
[Round "1.91"]
[White "Gonzalez Amaya, Millan"]
[Black "Henderikse, Bert"]
[Result "0-1"]
[WhiteElo "1817"]
[BlackElo "2058"]
[WhiteFideId "2262991"]
[BlackFideId "1012266"]
[EventDate "2011.01.25"]

1. e4 c6 2. d4 d5 3. e5 c5 4. dxc5 Nc6 5. Nf3 Bg4 6. Be2 e6 7. O-O Bxc5 8. Re1
Qb6 9. Rf1 Bxf3 10. Bxf3 Nxe5 11. b3 Ne7 12. Nc3 Nxf3+ 13. Qxf3 Qc6 14. Bb2 O-O
15. Ne2 Rac8 16. h4 f6 17. Rad1 e5 18. Ng3 Rfd8 19. Qg4 Qd7 20. Qf3 Qe6 21. Rfe1
Qf7 22. Qe2 a6 23. Rd3 Ng6 24. Nh5 e4 25. Rg3 Bd6 26. Rg4 f5 27. Rg5 h6 28. Rxg6
Qxg6 29. Nxg7 Rd7 30. Nh5 Be7 31. Nf4 Qg4 32. Qd2 Bxh4 33. Nxd5 Rcd8 34. c4 Kh7
35. Re3 Bg5 36. Qc3 Rf7 37. Re1 Rg8 38. Ne3 0-1

[Event "Gibraltar Masters"]
[Site "Caleta ENG"]
[Date "2011.01.25"]
[Round "1.92"]
[White "Scholzen, Wolfgang"]
[Black "Hegvik, Leif Trygve"]
[Result "1-0"]
[WhiteElo "2057"]
[BlackElo "1814"]
[WhiteFideId "24637629"]
[BlackFideId "1507176"]
[EventDate "2011.01.25"]

1. e4 e5 2. Nf3 Nc6 3. Bb5 a6 4. Ba4 Nf6 5. O-O Be7 6. Re1 b5 7. Bb3 d6 8. c3
O-O 9. h3 Na5 10. Bc2 c5 11. d4 Nd7 12. Nbd2 exd4 13. cxd4 Nc6 14. Nf1 Nxd4 15.
Nxd4 cxd4 16. Qxd4 Ne5 17. Ne3 Bxh3 18. f4 Nc6 19. Qc3 Bd7 20. Nd5 Rc8 21. Qa3
Be6 22. Bd3 Bxd5 23. exd5 Nd4 24. Bxh7+ Kxh7 25. Qd3+ Kg8 26. Qxd4 Bf6 27. Qd3
Rc4 28. Rb1 Qa5 29. Re2 Rfc8 30. Be3 Qxa2 31. Rbe1 g6 32. f5 g5 33. Bxg5 Bxg5
34. Qg3 f6 35. Qxd6 Rc1 36. Rxc1 Rxc1+ 37. Kh2 Bf4+ 38. Qxf4 Rc8 39. Re7 Kf8 40.
d6 Qc4 41. Qh6+ 1-0

[Event "Gibraltar Masters"]
[Site "Caleta ENG"]
[Date "2011.01.25"]
[Round "1.93"]
[White "Bishop, Peter"]
[Black "Jameson, David"]
[Result "0-1"]
[WhiteElo "1784"]
[BlackElo "2054"]
[WhiteFideId "613053"]
[BlackFideId "1801538"]
[EventDate "2011.01.25"]

1. d4 d5 2. Nf3 Nf6 3. Bg5 e6 4. Nbd2 h6 5. Bh4 c5 6. e3 Nc6 7. c3 Be7 8. Bd3 b6
9. Rc1 Bb7 10. Bb1 Rc8 11. Qa4 a6 12. O-O b5 13. Qc2 cxd4 14. Nxd4 Nxd4 15. exd4
Ne4 16. Bg3 Bg5 17. Nxe4 dxe4 18. Rcd1 Bd5 19. Rfe1 f5 20. Be5 O-O 21. a3 a5 22.
Qe2 Bc4 23. Qh5 Bb3 24. g4 Bxd1 25. Rxd1 Bf6 26. gxf5 exf5 27. Qxf5 Bxe5 28.
Qxe5 Qh4 29. Qxe4 Qxf2+ 30. Kh1 Qf3+ 31. Qxf3 Rxf3 32. Kg2 Rf6 33. Rd2 Kf7 34.
Re2 Re8 35. Ba2+ Kf8 36. Rd2 Re4 37. Kg3 h5 38. h3 Re3+ 39. Kh4 g6 40. d5 Kg7
41. d6 Kh6 0-1

[Event "Gibraltar Masters"]
[Site "Caleta ENG"]
[Date "2011.01.25"]
[Round "1.94"]
[White "Compton, Alistair"]
[Black "Gholami, Armin"]
[Result "1-0"]
[WhiteElo "2046"]
[BlackElo "1779"]
[WhiteFideId "4300645"]
[BlackFideId "1510487"]
[EventDate "2011.01.25"]

1. e4 e6 2. d4 d5 3. Nc3 Nf6 4. e5 Nfd7 5. f4 c5 6. Nf3 Nc6 7. Be3 a6 8. Qd2 b5
9. a3 Qb6 10. Ne2 cxd4 11. Nexd4 Bc5 12. b4 Nxd4 13. Nxd4 Bxd4 14. Bxd4 Qc6 15.
Bd3 Nb6 16. O-O O-O 17. Qf2 Nc4 18. Bxh7+ Kxh7 19. Qh4+ Kg8 20. Rf3 Qc7 21. Rh3
f6 22. exf6 Rxf6 23. Bxf6 Qa7+ 24. Kh1 gxf6 25. Qh8+ Kf7 26. Rh7+ 1-0

[Event "Gibraltar Masters"]
[Site "Caleta ENG"]
[Date "2011.01.25"]
[Round "1.95"]
[White "Rough, Robert E"]
[Black "Hamer, Martyn"]
[Result "0-1"]
[WhiteElo "1742"]
[BlackElo "2041"]
[WhiteFideId "2403030"]
[BlackFideId "413160"]
[EventDate "2011.01.25"]

1. e4 e5 2. Nc3 Nf6 3. Nf3 Nc6 4. Bb5 Bb4 5. d3 d6 6. Bxc6+ bxc6 7. O-O O-O 8.
Bg5 Qe7 9. h3 h6 10. Bd2 Rb8 11. Re1 Bd7 12. Rb1 c5 13. a3 Ba5 14. Kh2 c6 15. g4
Qe6 16. Nh4 Nh7 17. Rg1 Bd8 18. Nf5 Qf6 19. Qf1 Ng5 20. Qg2 Ne6 21. Ne2 Nd4 22.
Nexd4 cxd4 23. g5 hxg5 24. Bxg5 Qxg5 25. Qxg5 Bxg5 26. Rxg5 Bxf5 27. Rxf5 c5 28.
b3 g6 29. Rg1 Kg7 30. Rfg5 Rh8 31. R1g3 a5 32. a4 Kf6 33. R5g4 Ke6 34. f4 Rh5
35. fxe5 dxe5 36. Rg5 Rbh8 37. Kg2 Rxg5 38. Rxg5 Rh4 39. Rg4 Rxg4+ 40. hxg4 Kf6
41. Kf3 Kg5 42. Kg3 f6 43. Kf3 Kh4 44. g5 Kxg5 0-1

[Event "Gibraltar Masters"]
[Site "Caleta ENG"]
[Date "2011.01.25"]
[Round "1.96"]
[White "Wilson, Alexandra"]
[Black "Forsa, Elise"]
[Result "1-0"]
[WhiteTitle "WFM"]
[WhiteElo "2037"]
[BlackElo "1726"]
[WhiteFideId "411000"]
[BlackFideId "1500163"]
[EventDate "2011.01.25"]

1. e4 c5 2. Nc3 e6 3. f4 a6 4. Nf3 d6 5. Be2 Nc6 6. O-O Nf6 7. d3 Be7 8. Qe1 b5
9. Kh1 Bb7 10. a4 b4 11. Nd1 Rc8 12. Ne3 Nd4 13. Bd1 Nc6 14. f5 O-O 15. Bd2 a5
16. Qg3 Kh8 17. fxe6 fxe6 18. Qh3 Rc7 19. Ng5 h6 20. Nxe6 Bc8 21. Nxd8 Bxh3 22.
Nxc6 Bxg2+ 23. Kxg2 Rxc6 24. Nf5 Bd8 25. Bf4 d5 26. Bd6 Rf7 27. e5 Ne8 28. Bh5 1-0

[Event "Gibraltar Masters"]
[Site "Caleta ENG"]
[Date "2011.01.25"]
[Round "1.97"]
[White "Neumanova, Monika"]
[Black "Becker, Thomas1"]
[Result "0-1"]
[WhiteElo "1712"]
[BlackElo "2031"]
[WhiteFideId "323918"]
[BlackFideId "4624904"]
[EventDate "2011.01.25"]

1. d4 Nf6 2. c4 b6 3. Nc3 Bb7 4. f3 g6 5. e4 d6 6. Be3 Bg7 7. Bd3 O-O 8. Nge2 c5
9. d5 e6 10. O-O Re8 11. Rc1 exd5 12. cxd5 Nxd5 13. Bf2 Nxc3 14. Nxc3 Nc6 15.
Qd2 Nd4 16. Ne2 Nxe2+ 17. Bxe2 d5 18. exd5 Qxd5 19. Rfd1 Qxd2 20. Rxd2 Bh6 0-1

[Event "Gibraltar Masters"]
[Site "Caleta ENG"]
[Date "2011.01.25"]
[Round "1.98"]
[White "Becking, Franz Josef"]
[Black "Kuenitz, Klaus"]
[Result "1-0"]
[WhiteElo "2029"]
[BlackElo "1695"]
[WhiteFideId "4632540"]
[BlackFideId "4640713"]
[EventDate "2011.01.25"]

1. d4 f5 2. e4 fxe4 3. Nc3 Nf6 4. Bg5 g6 5. f3 exf3 6. Nxf3 Bg7 7. Bd3 O-O 8.
Qd2 a6 9. h4 d6 10. O-O-O b5 11. h5 Nxh5 12. Nd5 Nf6 13. Nxf6+ exf6 14. Bh6 Qe7
15. Rh4 Nd7 16. Be4 Rb8 17. Bd5+ Kh8 18. Re1 Bxh6 19. Qxh6 Qg7 20. Reh1 f5 21.
Qxh7+ Qxh7 1-0

[Event "Gibraltar Masters"]
[Site "Caleta ENG"]
[Date "2011.01.26"]
[Round "1.99"]
[White "Stene, Vegard"]
[Black "Memarian, Milad"]
[Result "1/2-1/2"]
[WhiteElo "1608"]
[BlackElo "2028"]
[WhiteFideId "1513907"]
[BlackFideId "12503193"]
[EventDate "2011.01.25"]

1. d4 c5 2. d5 g6 3. c4 b5 4. e4 bxc4 5. Bxc4 d6 6. Bd2 Bg7 7. Bc3 Nf6 8. Bb5+
Bd7 9. Bxd7+ Nbxd7 10. Nd2 O-O 11. f3 e6 12. Nc4 Nb6 13. Ne3 Bh6 14. Bxf6 Qxf6
15. Ng4 Qg7 16. Nxh6+ Qxh6 17. dxe6 fxe6 18. Qxd6 Rfe8 19. Qd2 Qg7 20. Qc3 Qxc3+
21. bxc3 Na4 22. Ne2 Rab8 23. Kf2 Rb2 24. c4 Nc3 25. Rhe1 Rd8 26. Ke3 Nxa2 27.
Nc1 Nxc1 28. Rexc1 Rd7 29. Ra5 Rc7 30. Rg1 e5 31. Rb5 Ra2 32. Rb8+ Kf7 33. Rd1
Rc2 34. Ra1 Rxc4 35. Ra8 Kf6 36. R8xa7 Rxa7 37. Rxa7 Rc2 38. Kd3 Rxg2 39. Rxh7
Ke6 40. h4 Rf2 41. Ke3 Rh2 42. Rc7 Rc2 43. Rc6+ Kf7 44. Kd3 Rf2 45. Rxc5 Rxf3+
46. Ke2 Rf4 47. Rxe5 Rxh4 48. Kf3 Kf6 49. Ra5 1/2-1/2

[Event "Gibraltar Masters"]
[Site "Caleta ENG"]
[Date "2011.01.25"]
[Round "1.100"]
[White "Haga, Halvor"]
[Black "Veiga Rodriguez, Pablo"]
[Result "1-0"]
[WhiteElo "2024"]
[BlackElo "1528"]
[WhiteFideId "1507532"]
[BlackFideId "32016050"]
[EventDate "2011.01.25"]

1. e4 c5 2. Nf3 d6 3. g3 Nf6 4. d3 Nc6 5. Bg2 e5 6. O-O Bg4 7. h3 Bh5 8. g4 Nxg4
9. hxg4 Bxg4 10. Nbd2 b5 11. a4 b4 12. Nc4 Nd4 13. c3 Bxf3 14. Bxf3 Nxf3+ 15.
Qxf3 bxc3 16. bxc3 h5 17. Rb1 h4 18. Rb7 Be7 19. Be3 h3 20. Qg4 g5 21. Kh2 Rh4
22. Qf5 Kf8 23. Bxg5 Rh5 24. Rxe7 Kg8 25. Qxf7+ 1-0

[Event "Gibraltar Masters"]
[Site "Caleta ENG"]
[Date "2011.01.25"]
[Round "1.101"]
[White "Berggren, Klas"]
[Black "Zanetti, Bruno"]
[Result "1-0"]
[WhiteElo "1463"]
[BlackElo "2017"]
[WhiteFideId "1715089"]
[BlackFideId "1306669"]
[EventDate "2011.01.25"]

1. e4 c5 2. Nf3 Nc6 3. d4 cxd4 4. Nxd4 e5 5. Nb5 d6 6. N1c3 a6 7. Na3 Nf6 8. Bg5
Be7 9. Bxf6 Bxf6 10. Nd5 O-O 11. c3 Bg5 12. Nc2 Be6 13. Nce3 Rc8 14. Be2 Ne7 15.
O-O Bxe3 16. Nxe3 Qb6 17. Qd2 Rfd8 18. Bg4 d5 19. Bxe6 Qxe6 20. exd5 Nxd5 21.
Rfd1 Nxe3 22. Qxd8+ 1-0